| 000 | 00513nam a2200145Ia 4500 | ||
|---|---|---|---|
| 008 | 140724s9999 xx 000 0 und d | ||
| 050 |
_aBF 637 _b.D812 2014 |
||
| 100 | _aDu, Mar Chino C. | ||
| 245 |
_aPersonality types and levels of aggressive behavior of selected young male drivers in Las Piñas City / _cMar Chino C. Du. |
||
| 260 |
_aLas Piñas, Philippines : _bSouthville International School and Colleges, _cc2014. |
||
| 300 |
_a64 p. : _c28 cm. |
||
| 521 | _aPsychology | ||
| 942 | _cTH | ||
| 999 |
_c229349 _d229349 |
||